The RICS homebuyer report (Record no. 111732)

MARC details
000 -LEADER
fixed length control field 01450cad a22002655a 4500
001 - CONTROL NUMBER
control field L151922
008 - FIXED-LENGTH DATA ELEMENTS--GENERAL INFORMATION
fixed length control field 110106s2010 xxk 000 0 eng u
035 ## - SYSTEM CONTROL NUMBER
System control number (Sirsi) u151922
041 0# - LANGUAGE CODE
Language code of text/sound track or separate title eng
050 04 - LIBRARY OF CONGRESS CALL NUMBER
Classification number 333.332 $2 18
110 2# - MAIN ENTRY--CORPORATE NAME
Corporate name or jurisdiction name as entry element Royal Institution of Chartered Surveyors
9 (RLIN) 4900
245 04 - TITLE STATEMENT
Title The RICS homebuyer report
Remainder of title property survey and valuation [sample]
Medium [electronic resource]
260 ## - PUBLICATION, DISTRIBUTION, ETC.
Place of publication, distribution, etc. Coventry
Name of publisher, distributor, etc. RICS
Date of publication, distribution, etc. 2010
505 2# - FORMATTED CONTENTS NOTE
Formatted contents note Introduction to the report -- About the inspection -- Summary of the condition ratings -- About the property -- Outside of the property -- Inside of the property -- Services -- Grounds (including shared areas for flats) -- Issues for your legal advisers -- Risks -- Valuation -- Surveyor's declaration -- What to do now -- Description of the HomeBuyer Service
520 ## - SUMMARY, ETC.
Summary, etc. A sample copy of the Homebuyer Report (HBR) 2010 which came into effect on 4 January 2011 for use in England, Wales, Northern Ireland, Channel Islands and Isle of Man. For the accompanying Practice Note see E151763.
521 ## - TARGET AUDIENCE NOTE
Target audience note Advanced
590 ## - LOCAL NOTE (RLIN)
Local note KA
650 24 - SUBJECT ADDED ENTRY--TOPICAL TERM
Topical term or geographic name entry element HOMEBUYERS REPORT
650 24 - SUBJECT ADDED ENTRY--TOPICAL TERM
Topical term or geographic name entry element RICS VALUATION STANDARDS
651 #4 - SUBJECT ADDED ENTRY--GEOGRAPHIC NAME
Geographic name United Kingdom
Chronological subdivision
690 ## - LOCAL SUBJECT ADDED ENTRY--TOPICAL TERM (OCLC, RLIN)
Topical term or geographic name as entry element PROPERTY-RESIDENTIAL PROPERTY-RESIDENTIAL PROPERTY APPRAISAL AND VALUATION
856 40 - ELECTRONIC LOCATION AND ACCESS
Uniform Resource Identifier <a href="https://www.rics.org/Global/Downloads/RICS_HomeBuyer_Report_2010_sample.pdf">https://www.rics.org/Global/Downloads/RICS_HomeBuyer_Report_2010_sample.pdf</a>
Public note View the sample report free of charge at www.rics.org
942 ## - ADDED ENTRY ELEMENTS (KOHA)
Suppress in OPAC 0
Holdings
Withdrawn status Lost status Source of classification or shelving scheme Damaged status Not for loan Home library Current library Shelving location Date acquired Total Checkouts Full call number Barcode Date last seen Copy number Price effective from Koha item type
    Dewey Decimal Classification     Virtual Virtual Online 06/01/2011   ONLINE PUBLICATION 151922-2001 06/08/2019 1 06/08/2019 Book